LEADER 04075nam 22006255 450 001 9910164142703321 005 20220122001529.0 010 $a3-95487-818-6 024 7 $a10.31819/9783954878185 035 $a(CKB)3710000001056566 035 $a(MiAaPQ)EBC5635152 035 $a(DE-B1597)516787 035 $a(OCoLC)972565280 035 $a(DE-B1597)9783954878185 035 $a(MiAaPQ)EBC6320102 035 $a(Au-PeEL)EBL6320102 035 $a(OCoLC)1156760714 035 $a(EXLCZ)993710000001056566 100 $a20191126d2014 fg 0 101 0 $aspa 135 $aurcnu|||||||| 181 $2rdacontent 182 $2rdamedia 183 $2rdacarrier 200 00$aDel football al fútbol / futebol $ehistorias argentinas, brasileras y uruguayas en el siglo XX . /$fDiego Armus, Stefan Rinke 210 1$aFrankfurt am Main :$cVervuert Verlagsgesellschaft,$d[2014] 210 4$d©2014 215 $a1 online resource (221 pa?ginas) 225 0 $aEstudios AHILA de Historia Latinoamericana ;$v11 311 0 $a84-8489-846-6 320 $aIncluye referencias bibliogra?ficas. 327 $tFront matter --$tÍNDICE --$tIntroducción /$rArmus, Diego / Rinke, Stefan --$tPrimera parte. Los comienzos --$tEntre 1899 e 1920: dados iniciais da história do futebol em Salvador /$rPereira da Rocha Junior, Coriolano / Reis do Espírito Santo, Fernando --$tSociedad, ciudad y fútbol en la Buenos Aires de 1920-1930 /$rD. Frydenberg, Julio --$tLa prensa escrita como actor social de un modelo deportivo. Córdoba (Argentina), primeras décadas del siglo XX /$rDamián Reyna, Franco --$tLa globalización del fútbol durante la crisis de 1930: Uruguay y la primera Copa del Mundo /$rRinke, Stefan / Facchio, Florencia --$tSegunda par te Fútbol/política /cultura --$tEl fútbol en las escuelas y colegios argentinos. Notas sobre un desencuentro en el siglo XX /$rArmus, Diego / Ariel Scharagrodsky, Pablo --$tEstadios y potreros en la pan talla. El fútbol en el cine de los años treinta y la construcción de imágenes de la argentinidad /$rNuria Gil Mariño, Cecilia --$tMiradas y prácticas del fútbol desde las izquierdas uruguayas: Montevideo (1920-1950) /$rPorrini, Rodolfo --$tO futebol e a política esportiva de Vargas e Perón: um estudo comparado /$rDrumond, Maurício --$tLa peronizaci ón del fútbol argentino: el caso del Club Atlético Atlanta de Villa Crespo /$rRein, Raanan --$tDetrás de la vidriera del Mundial. Argentina 1978: derechos humanos, censura y fútbol en la prensa italiana /$rCattarulla, Camilla --$tFutebol, identidade nacional e Ciências Sociais no Brasil /$rCarlos Ribeiro, Luiz --$t¿El ocas o del Estadio-nación? Un análisis sobre la construcción y remodelación del Maracaná para el Mundial de 2014 /$rBorges Buarque de Hollanda, Bernardo --$tSobre los autores --$tOtros títulos de Historia 330 $aEstudia la popularización y criollización del football, su transformación en fútbol en Argentina y Uruguay, y en futebol en Brasil, su consolidación como deporte profesional y de masas, y como espectáculo y fuente de pasiones. 410 0$aEstudios AHILA de historia latinoamericana ;$v11. 606 $aSoccer$zArgentina$xHistory$y20th century 606 $aSoccer$zBrazil$xHistory$y20th century 606 $aSoccer$zUruguay$xHistory$y20th century 606 $aSoccer$xPolitical aspects$zArgentina 606 $aSoccer$xPolitical aspects$zBrazil 606 $aSoccer$xPolitical aspects$zUruguay 615 0$aSoccer$xHistory 615 0$aSoccer$xHistory 615 0$aSoccer$xHistory 615 0$aSoccer$xPolitical aspects 615 0$aSoccer$xPolitical aspects 615 0$aSoccer$xPolitical aspects 676 $a796.3340982 702 $aArmus$b Diego$4edt$4http://id.loc.gov/vocabulary/relators/edt 702 $aRinke$b Stefan$4edt$4http://id.loc.gov/vocabulary/relators/edt 801 0$bDE-B1597 801 1$bDE-B1597 906 $aBOOK 912 $a9910164142703321 996 $aDel football al fútbol$92550983 997 $aUNINA LEADER 01282nam 2200469 450 001 9910165082703321 005 20230808202849.0 010 $a1-5040-3449-X 035 $a(CKB)3890000000007412 035 $a(SSID)ssj0001683844 035 $a(PQKBManifestationID)16509691 035 $a(PQKBTitleCode)TC0001683844 035 $a(PQKBWorkID)15038244 035 $a(PQKB)10091382 035 $a(MiAaPQ)EBC4516056 035 $a(EXLCZ)993890000000007412 100 $a20160531h20161993 uy 1 101 0 $aeng 135 $aurcnu|||||||| 181 $ctxt 182 $cc 183 $acr 200 10$aSnowstop $ea novel /$fAlan Sillitoe ; cover design by Jason Gabbert 205 $aFirst US edition. 210 1$aNew York :$cOpen Road,$d2016. 210 4$d©1993 215 $a1 online resource (210 pages) 300 $aBibliographic Level Mode of Issuance: Monograph 606 $aConspiracy$vFiction 606 $aSuspense fiction 615 0$aConspiracy 615 0$aSuspense fiction. 676 $a813.6 700 $aSillitoe$b Alan$0165835 702 $aGabbert$b Jason 801 0$bMiAaPQ 801 1$bMiAaPQ 801 2$bMiAaPQ 906 $aBOOK 912 $a9910165082703321 996 $aSnowstop$93417043 997 $aUNINA